Statistics for Alphabet Typing Quiz - RANDOM order

Click here to take the quiz!

General Stats

  • This quiz has been taken 37 times
  • The average score is 20 of 26

Answer Stats

Answer% Correct
gg
100%
qq
100%
ll
96%
aa
96%
zz
93%
ww
93%
ss
93%
cc
93%
kk
93%
xx
89%
vv
82%
rr
79%
ff
79%
dd
79%
ee
79%
tt
75%
ii
71%
yy
71%
hh
71%
uu
71%
bb
71%
jj
64%
nn
57%
mm
54%
oo
50%
pp
46%

Score Distribution

Percentile by Number Answered

Percent of People with Each Score

Your Score History

You have not taken this quiz